000 01433cam a22001814a 4500
005 20250605164023.0
008 250528s ||||||||||||||||||||||||d
035 _a16410
040 _aGR-AtMCL
_bgre
_dGR-AtMCL
_eAACR2
245 1 _aΜισθός, Τιμή, Κέρδος / Μαρξιστική Σκέψη 3
260 _bΘεμέλιο,
_c1976
300 _a136
520 _aΕισαγωγή, Παραγωγή και Μισθός, Παραγωγή και Μισθός και Κέρδος, Μισθός και Νομισματική Κυκλοφοράι, Προσφορά και Ζήτηση, Μισθός και Τιμές, Αξία και Εργασία, Η Εργατική Δύναμη, Η Παραγωγή της Υπεραξίας, Η Αξία της Εργασίας, Το Κερδός βγαίνει Πουλώντας το Εμπόρευμα στην Αξία του, Τα Διάφορα Μέρη στα Οποία Χωρίζεται η Υπεραξία, Γενική Σχέση Ανάμεσα στα Κέρδη και τους Μισθούς και τις Τιμές, Οι Κυριότερες Προσπάθειες να Υψωθεί ο Μισθός ή να μην Ελαττωθεί, Η Πάλη ανάμεσα στο Κεφάλαιο και την Εργασία και τα Αποτέλεσματα της Πάλης αυτής.
700 1 _aMarx Karl
_91705
942 _cBK
999 _c1911
_d1911